AMERICA but Not American Quiz Stats

 Plays Quiz Updated Feb 13, 2019

Support Sporcle.
Go Orange.
Score 0/55 Timer 09:00
2 Plays Today
Country % Correct
Australia
88.7%
India
86.7%
Austria
85.3%
Russia
84.4%
Indonesia
83.5%
Iceland
83.5%
Rwanda
83.1%
Ireland
82.9%
Iran
81.5%
Azerbaijan
81.5%
Iraq
81.4%
Armenia
81.3%
Estonia
81.1%
Eritrea
81%
Albania
80.8%
Ethiopia
80.6%
Andorra
80.2%
Italy
79.9%
China
79.3%
Afghanistan
79%
Algeria
78.8%
Mali
78.4%
Romania
77.2%
Madagascar
76.9%
Angola
76.5%
Egypt
75.9%
Morocco
74.8%
Cambodia
74.8%
Country % Correct
Israel
74.2%
Chad
71.4%
Monaco
70.8%
Mongolia
70.7%
Czechia
70.5%
Mauritania
69.3%
Moldova
69.3%
Croatia
69.2%
Mauritius
69.2%
Cameroon
68.2%
Malaysia
68%
Malta
67.9%
Montenegro
67.4%
Maldives
67.4%
Myanmar
65.1%
Mozambique
64.9%
Malawi
64%
Comoros
63.1%
Cyprus
62.6%
Central African Republic
59%
Marshall Islands
57%
Cote d'Ivoire
56.6%
Equatorial Guinea
55.8%
Cabo Verde
55.3%
Republic of the Congo
53%
Micronesia
52.3%
Eswatini
52%

You're not logged in!

Compare scores with friends on all Sporcle quizzes.
OR
Log In
Forgot?

From the Vault

Don't 'Dis' Me

by DesertSpartan

We think you'll enjoy dis quiz.
Remove Ads.
Support Sporcle.
Get the best of Sporcle when you Go Orange. This ad-free experience offers more features, more stats, and more fun while also helping to support Sporcle. Thank you for becoming a member.

Show Comments

Extras

Top Quizzes Today


Score Distribution

Your Account Isn't Verified!

In order to create a playlist on Sporcle, you need to verify the email address you used during registration. Go to your Sporcle Settings to finish the process.

Report this User

Report this user for behavior that violates our Community Guidelines.

Details: